| LEADER 00000nam 2200000uu 4500 |
| 001 210018 |
| 003 ULIBM |
| 008 140708s2555||||th 000 0 tha d |
| 041 0 ^atha^beng
|
| 090 ^aวพ WG340 จ498ผ 2555
|
| 100 0 ^aจิรภา พิจารณ์จันทร์
|
| 245 10 ^aรายงานวิทยานิพนธ์เรื่อง ผลของโปรแกรมส่งเสริมสุขภาพต่อพฤติกรรมการบริโภคอาหารและคุณภาพชีวิตของผู้ป่วยความดันโลหิตสูง โรงพยาบาลเพ็ญ อำเภอเพ็ญ จังหวัดอุดรธานี /^cจิรภา พิจารณ์จันทร์
|
| 246 00 ^aThe effect of the health promotion program on eatingbehavior and quality of life for hypertension patients at Phen Hospital, Amphur Phen, Udorn Thani Province
|
| 260 ^aขอนแก่น : ^bมหาวิทยาลัยขอนแก่น,^c2555.
|
| 300 ^a150 แผ่น ;^bภาพประกอบ
|
| 502 ^aวิทยานิพนธ์ (พย.ม.)--สาขาวิชาการพยาบาลผู้ใหญ่ บัณฑิตวิทยาลัย มหาวิทยาลัยขอนแก่น, 2555
|
| 650 4 ^aความดันเลือดสูง^xผู้ป่วย^zไทย^zอุดรธานี
|
| 650 4 ^aความดันเลือดสูง^xผู้ป่วย^xการดูแล
|
| 650 0 ^aวิทยานิพนธ์
|
| 710 2 ^aมหาวิทยาลัยขอนแก่น. บัณฑิตวิทยาลัย สาขาวิชาการพยาบาลผู้ใหญ่
|
| 999 ^aใช้งานได้ทุกระบบ
|